000
00270nam a2200121Ia 4500
008
190216s9999||||xx |||||||||||||| ||und||
100
_a
Bahl Jc
245
0
_a
Secretarial Ppracticein India
260
_b
S Chand & Co
300
_a
714p
650
_a
Commerce
942
_c
BK
999
_c
3815
_d
3815